000 00664nam a2200289Ia 4500
005 20260324150735.0
008 008 260324s9999 xx 000 0 eng d
020 _a9781315007205
037 _aEBOOK
040 _aCRL
040 _beng
040 _cCRL
041 _2eng
041 _aeng
084 _qCRL
100 _aYueh-Hwa Lin
245 4 _aThe Golden Wing
245 2 _bA Sociological Study of Chinese Familism
260 _bTaylor and Francis
260 _c1947
365 _a
365 _b300
856 _uhttp://www.taylorfrancis.com/books/9781315007205
942 _cEBOOK
999 _c1837453
_d1837453